The mystery of the morphing hockey stick

Bibliographic Details
Main Author: McMahon, P.J
Corporate Author: Title
Other Authors: Manders, John
Format: Book
Published: New York : Aladdin Paperbacks , 2004
Series:The Freaky Joe club ; #3
Subjects:

MARC

LEADER 00000cam a2200000 7i4500
001 0000002683
005 20151222.0
008 070713
020 |a 0689862628 
090 0 0 |a JF   |b ENG 
100 1 |a McMahon, P.J. 
245 1 4 |a The mystery of the morphing hockey stick   |c P.J. McMahon; illustrated by John Manders 
260 |a New York :   |b Aladdin Paperbacks ,   |c 2004 
440 |a The Freaky Joe club ; #3 
500 |a Children ages 10-12 years old (pink) 
650 0 |a Adventure 
650 0 |a Junior fiction   |x English   |x Languages 
700 1 |a Manders, John 
710 0 |a Title 
999 |a 0000966230   |b Book   |c Children Collection   |e Perbadanan Perpustakaan Awam Johor 
999 |a 0000966231   |b Book   |c Children Collection   |e Perbadanan Perpustakaan Awam Johor 
999 |a 0001056815   |b Book   |c Children Collection   |e Perbadanan Perpustakaan Awam Johor 
999 |a 0001057080   |b Book   |c Children Collection   |e Perbadanan Perpustakaan Awam Johor 
999 |a 0001057081   |b Book   |c Children Collection   |e Cawangan Sri Merlong 
999 |a 0001057082   |b Book   |c Children Collection   |e Perbadanan Perpustakaan Awam Johor 
999 |a 0001057083   |b Book   |c Children Collection   |e Cawangan Sri Merlong